Films sur le christianisme par images - Statistiques

Statistiques générales
  • Ce quiz a été pris 48 fois
  • Le résultat moyen est 4 sur 18
Statistiques - réponses
Par images Réponse % Correct
Conclave
76%
Sister Act
70%
La Passion du Christ
50%
Le Nom de la rose
48%
Des hommes et des dieux
30%
Les deux papes
30%
Benedetta
28%
Habemus papam
28%
La dernière tentation du Christ
20%
Amen
11%
L’Enlèvement
9%
Doux Jésus
7%
Grâce à Dieu
7%
La Confession
4%
Marie Madeleine
4%
L’Apparition
2%
La Religieuse
2%
Les Innocentes
0%
Aucun quiz correspondant
Distribution des résultats
% des personnes avec chaque résultat
Percentile par nombre de réponses
Votre historique - résultats
Vous n’avez pas pris ce quiz